Word Ladder: Sick Day Quiz Stats

 Plays Quiz not verified by Sporcle

Challenge
Share
Tweet
Embed
Score 0/38 Timer 08:00
0 Plays Today
Clue 7-Letter Rung % Correct
Moving up and down, like Halloween applesBOBBING
86%
Noise made by the teeth when coldCHATTER
85.3%
Move like a snakeSLITHER
84.5%
Break, as glass or a recordSHATTER
84.1%
Selected using a mouseCLICKED
82.9%
Lay it on thickSLATHER
82.2%
Sounded like toasting glassesCLINKED
82.2%
GabbedCHATTED
81.4%
Remote controlCLICKER
81%
AlteredCHANGED
77.9%
Thread reelsBOBBINS
76.7%
Worker who moves slabs of soapSLATTER
75.2%
Sounded like metal striking metalCLANGED
74.4%
PolicemenBOBBIES
74%
Recited monotonouslyCHANTED
73.6%
Held onto tightlyCLINGED
73.3%
Square eaten on an upset stomach: [First Rung] _____CRACKER
68.6%
Blue-footed birdsBOOBIES
66.7%
The mouth, in slangCLACKER
64%
Clue 7-Letter Rung % Correct
Preserving, as porkSALTING
61.2%
Hesitating, especially in speechHALTING
58.9%
Sharing equally among two peopleHALVING
58.9%
More spaciousROOMIER
58.9%
Square eaten on an upset stomach: _____ [Last Rung]SALTINE
56.2%
Indenting, on a keyboardTABBING
55.4%
Cover thickly or overwhelmSMOTHER
50.8%
More resonantBOOMIER
49.6%
Fragment or small bit (often pluralized)SMITHER
49.2%
Adolescents of the 1960sBOOMIES
48.1%
Pacifier or lozenge, for exampleSOOTHER
47.3%
More blackenedSOOTIER
45.3%
SubcontractingJOBBING
43.8%
Poking with the point of a stickJABBING
43.4%
The splintering off of a glacierCALVING
41.9%
Soil that is harder to plow, perhapsROOTIER
41.1%
Putting aside temporarilyTABLING
38.4%
Sending a message by telegraphCABLING
34.5%
Strong impulse or inclinationCALLING
32.6%

You're not logged in!

Compare scores with friends on all Sporcle quizzes.
Join for Free
OR
Log In

You Might Also Like...

Show Comments

Extras

Top Quizzes Today


Score Distribution

Your Account Isn't Verified!

In order to create a playlist on Sporcle, you need to verify the email address you used during registration. Go to your Sporcle Settings to finish the process.

Report this User

Report this user for behavior that violates our Community Guidelines.

Details: